Fancy Nancy : the dazzling book report / (Record no. 337260)
[ view plain ]
| 000 -LEADER | |
|---|---|
| fixed length control field | 00445nam a2200181Ia 4500 |
| 008 - FIXED-LENGTH DATA ELEMENTS--GENERAL INFORMATION | |
| fixed length control field | 170705s9999 xx 000 0 und d |
| 020 ## - INTERNATIONAL STANDARD BOOK NUMBER | |
| International Standard Book Number | 9780062001771 |
| 245 ## - TITLE STATEMENT | |
| Title | Fancy Nancy : the dazzling book report / |
| 245 ## - TITLE STATEMENT | |
| Remainder of title | and the mean girl / |
| 245 ## - TITLE STATEMENT | |
| Statement of responsibility, etc | by Jane O'Connor. |
| 260 ## - PUBLICATION, DISTRIBUTION, ETC. (IMPRINT) | |
| Place of publication, distribution, etc | New York : |
| 260 ## - PUBLICATION, DISTRIBUTION, ETC. (IMPRINT) | |
| Name of publisher, distributor, etc | Harper, |
| 260 ## - PUBLICATION, DISTRIBUTION, ETC. (IMPRINT) | |
| Date of publication, distribution, etc | 2011 |
| 300 ## - PHYSICAL DESCRIPTION | |
| Extent | 32 pages : |
| 300 ## - PHYSICAL DESCRIPTION | |
| Other physical details | color illustration ; |
| 300 ## - PHYSICAL DESCRIPTION | |
| Dimensions | 23cm. |
| 500 ## - GENERAL NOTE | |
| General note | 290 |
No items available.